| 000 | 00635nam a2200217Ia 4500 | ||
|---|---|---|---|
| 003 | GCL | ||
| 008 | 140319s9999 xx 000 0 ara d | ||
| 040 |
_aGCL / _cGCL |
||
| 082 | 0 | 4 |
_aق _b962.052 _bب ا |
| 100 | 1 | _aيونان لبيب رزق | |
| 245 | 1 | 0 |
_aالسودان فى المفاوضات المصرية البريطانية 1930 - 1936 / _cيونان لبيب رزق |
| 300 | _a163 ص | ||
| 490 |
_a100 قصة _v0 |
||
| 650 | 0 | 4 | _aمصر |
| 650 | 0 | 4 | _aالسودان |
| 650 | 0 | 4 | _aالتاريخ |
| 650 | 0 | 4 | _aمعاهدة 1936 |
| 650 | 0 | 4 | _aمفاوضات النحاس |
| 650 | 0 | 4 | _aهندرسون |
| 942 |
_2ddc _cBK |
||
| 999 |
_c45381 _d45381 |
||